000 00968nam a22002297a 4500
999 _c62271
_d62271
005 20251125233058.0
008 s2553 th ||||| |||| 00| 0 tha d
020 _a9786162100147
040 _aNALT
050 _aJQ1745.A5 ป539ป 2553
100 0 _aปั๊มคนข่าว, นามแฝง
245 1 0 _aประเทศไทยในอุ้งมืออำมาตย์
260 3 _aกรุงเทพฯ :
_bปัญญาชน,
_c2553
300 _a210 หน้า :
_b ภาพประกอบ ;
_c 21 ซม.
650 0 4 _aทักษิณ ชินวัตร, 2492--
650 0 4 _aรัฐประหาร 19 กันยายน 2549
650 0 4 _aไทย -- การเมืองและการปกครอง -- 2549--
850 _aNALT
856 4 0 _uhttps://hdl.handle.net/20.500.14156/338108
_71
942 _cGB
_2lcc